| 000 | 00480nam a2200157 4500 | ||
|---|---|---|---|
| 001 | 112872 | ||
| 003 | ES-MaACL | ||
| 005 | 20230906185702.0 | ||
| 007 | t| | ||
| 008 | 061121s1948 sp r ||||1| spa d | ||
| 245 | 0 | 3 | _aLa nueva catedral de Vitoria. |
| 260 |
_aVitoria : _bJunta de Obras de la Nueva Catedral, _c1948. |
||
| 300 |
_a70 p., 6 lám ; _c28 cm + _e1 plano. |
||
| 710 | 2 |
_aJunta de Obras de la Nueva Catedral (Vitoria) _95397 |
|
| 852 |
_aES-MaACL _j1602-F-24 _bR.26005 |
||
| 999 |
_c112872 _d112872 |
||